Shawn Hatosy Filmography - Statistics

General Stats
  • This quiz has been taken 2 times
  • The average score is 14 of 80
Answer Stats
Type Year Name % Correct
TV Show 2016-2022 Animal Kingdom
100%
Film 2003 11:14
50%
Film 2006 Alpha Dog
50%
Film 1999 Anywhere But Here
50%
Film 2009 Bad Lieutenant: Port of Call New Orleans
50%
Web Series 2015 Bosch
50%
TV Show 2024-Present Chicago P.D.
50%
TV Show 2005 CSI: Crime Scene Investigation
50%
TV Show 2010 Dexter
50%
TV Show 2006 ER
50%
TV Show 2015 Fear the Walking Dead
50%
Film 2002 John Q
50%
TV Show 1996, 2023 Law & Order
50%
TV Show 2012 Law & Order: Special Victims Unit
50%
Film 1999 Outside Providence
50%
Film 2009 Public Enemies
50%
TV Show 2024-2025 Rescue: HI-Surf
50%
Film 1999 Simpatico
50%
TV Show 2009-2013 Southland
50%
Film 2011 Street Kings 2: Motor City
50%
Film 2005 Swimmers
50%
Film 2019 The Bygone
50%
Film 1998 The Faculty
50%
Film 2008 The Lazarus Project
50%
Web Series 2025-Present The Pitt
50%
TV Show 2003 The Twilight Zone
50%
Film 2003 A Guy Thing
0%
Music Video 2001 A Little Respect
0%
Film 1997 All Over Me
0%
Documentary Series 2003 Biography
0%
TV Show 2013 Body of Proof
0%
Film 2000 Borstal Boy
0%
Web Series 2012 Christine
0%
TV Show 2011 Criminal Minds
0%
TV Show 2010 CSI: Miami
0%
Film 2003 Dallas 362
0%
TV Film 1996 Double Jeopardy
0%
Film 2000 Down to You
0%
TV Show 2007 Drive
0%
Film 2006 Factory Girl
0%
TV Film 2005 Faith of My Fathers
0%
Film 2008 Familiar Strangers
0%
TV Show 2001, 2002 Felicity
0%
Web Series 2017 Flaked
0%
TV Pilot 2015 For Justice
0%
TV Show 2011 Hawaii Five-0
0%
Film 1995 Home for the Hollidays
0%
TV Show 1995 Homicide: Life on the Street
0%
Film 1997 In & Out
0%
TV Film 1995 Inflammable
0%
Film 1997 Inventing the Abbotts
0%
TV Show 2009 Law & Order: Criminal Intent
0%
TV Show 2011 Law & Order: LA
0%
Film 2005 Little Athens
0%
TV Show 2012 Longmire
0%
Film 2022 Mosquito
0%
Film 2018 Mountain Rest
0%
TV Show 2007 My Name Is Earl
0%
Film 1997 Niagara, Niagara
0%
Film 2007 Nobel Son
0%
Film 1996 No Way Home
0%
TV Show 2006, 2007 Numb3rs
0%
Theater 2006 Orphans
0%
Film 2026 Ready or Not: Here I Come
0%
Theater 2014 reasons to be pretty
0%
TV Show 2014 Reckless
0%
Theater 2004 Roulette
0%
TV Show 2022 SEAL Team
0%
TV Show 2002 Six Feet Under
0%
TV Film 2003 Soldier's Girl
0%
Film 2001 Tangled
0%
TV Pilot 2008 The Apostles
0%
Theater 2001 The Collected Works of Billy the Kid
0%
Film 2003 The Cooler
0%
Film 1999 The Joyriders
0%
Film 1997 The Postman
0%
TV Film 2004 The Seeking Reveals
0%
Film 2024 Unstoppable
0%
Music Video 2007 What Goes Around... Comes Around
0%
TV Film 1999 Witness Protection
0%
No matching quizzes found
Score Distribution
Percent of People with Each Score
Percentile by Number Answered
Your Score History
You have not taken this quiz